| 000 | 00733nam a22002057a 4500 | ||
|---|---|---|---|
| 999 |
_c17584 _d17584 |
||
| 003 | AR-CdUCM | ||
| 008 | 190509b ||||| |||| 00| 0 spa d | ||
| 040 |
_aMUNICIPALIDAD PROVINCIAL DEL CUSCO _cBIBLIOTECA MUNICIPAL DEL CUSCO |
||
| 082 |
_a338.54 / _bG82 |
||
| 100 |
_aGrove, David L. _937684 |
||
| 245 | _aLas fluctuaciones económicas en Estados Unidos y America Latina / | ||
| 260 |
_aMexico : _bCentro de estudios monetarios latinoamericanos, _c1959. |
||
| 300 |
_a158 paginas ; _c21 cm. |
||
| 505 | _aContenido: Todo acerca de la economia norteamericana y america latina | ||
| 650 |
_aEconomia _9382 |
||
| 650 |
_aEstados Unidos _91805 |
||
| 650 |
_aLatinoamerica _94398 |
||
| 942 |
_2ddc _cLIBROS |
||
| 945 |
_apjha _d2019-05-09 |
||